000 005110000a22002050004500
003 LK-CoMWRAF
005 20230915211608.0
008 230817t1980 ||||| |||| 00| 0 eng d
020 _a0860370011
040 _aLK-CoMWRAF
_dLK-CoMWRAF
_eLK-CoMWRAF
041 _aeng
082 _a297
_bAHS
100 _aAhsan, Manazir
245 _aIslam :
_bFaith and practice
260 _aU.K. :
_bThe IslamicfFoundation,
_c1980
300 _a48p
650 _aIslam
650 _aReligious life -- Islam
942 _cBK
999 _c1072
_d1072